| 000 | 00676nam a2200241Ia 4500 | ||
|---|---|---|---|
| 008 | 160319s9999 xx 000 0 und d | ||
| 100 | _aDataworks. | ||
| 245 | _aJunkyard adventures : | ||
| 245 | _bDinosaurs / | ||
| 245 | _cdeveloped by Smarty Pants Publishing. | ||
| 260 | _aRowville, VIC : | ||
| 260 | _bDataworks, | ||
| 260 | _c2000 | ||
| 300 | _a1 CD-ROM : | ||
| 300 | _bsound, colored ; | ||
| 300 | _c4 3/4 in. | ||
| 650 | _aComputer games -- | ||
| 650 | _aDinosaurs -- | ||
| 650 | _aEducational games -- | ||
| 650 | _xJuvenile interactive multimedia. | ||
| 650 | _xJuvenile interactive multimedia. | ||
| 650 | _xJuvenile interactive multimedia. | ||
| 999 |
_c292733 _d292733 |
||